[Event "FRA-chT Top 16 Gp Basse"]
[Site "Chartres"]
[Date "2023.06.08"]
[Round "1.4"]
[White "Girel, Joseph"]
[Black "Maugenest, Ghislain"]
[Result "1-0"]
[WhiteElo "2413"]
[BlackElo "2212"]
[PlyCount "111"]
[EventDate "2023.06.08"]
[EventType "team-tourn"]
[EventRounds "4"]
[EventCountry "FRA"]
[SourceTitle "CBM 214 Extra"]
[Source "ChessBase"]
[SourceDate "2023.07.31"]
[SourceVersion "1"]
[SourceVersionDate "2023.07.31"]
[SourceQuality "1"]
[WhiteTeam "Marseille"]
[BlackTeam "Cappelle la Grande"]
[WhiteTeamCountry "FRA"]
[BlackTeamCountry "FRA"]

1. e4 e5 2. Nf3 Nc6 3. Bb5 Nge7 4. Nc3 Ng6 5. h4 Be7 6. h5 Nh4 7. Nxh4 Bxh4 8. d3 Nd4 9. Bc4 c6 10. Be3 b5 11. Bb3 a5 12. a4 Nxb3 13. cxb3 b4 14. Ne2 d6 15. h6 g6 16. d4 Bf6 17. Qc2 Bb7 18. 0-0-0 exd4 19. Bxd4 c5 20. Be3 Qe7 21. f3 0-0 22. Nf4 Bg5 23. Qd2 Bxf4 24. Bxf4 Rfd8 25. Bxd6 Qe6 26. Qf4 c4 27. bxc4 Qxc4+ 28. Kb1 Rdc8 29. Rd2 Qe6 30. Qe5 Qxe5 31. Bxe5 Kf8 32. b3 Rd8 33. Rxd8+ Rxd8 34. Rc1 Ba6 35. Kb2 Rd2+ 36. Rc2 Rd1 37. Rc6 Bd3 38. Bf6 Ke8 39. Rd6 Be2 40. Rxd1 Bxd1 41. Bd4 Kd7 42. Bb6 f5 43. exf5 gxf5 44. Bxa5 f4 45. Bxb4 Be2 46. Bd2 Bf1 47. Bxf4 Bxg2 48. b4 Kc6 49. b5+ Kc5 50. Kc3 Bxf3 51. Be3+ Kd6 52. Kb4 Kc7 53. a5 Be2 54. a6 Kd6 55. Ka5 Kc7 56. b6+ 1-0

[Event "FRA-chT Top 16 GpA"]
[Site "Chartres"]
[Date "2023.06.07"]
[Round "7.1"]
[White "Guliyev, Namig"]
[Black "Maugenest, Ghislain"]
[Result "1-0"]
[WhiteElo "2540"]
[BlackElo "2201"]
[PlyCount "101"]
[EventDate "2023.06.01"]
[EventType "team-tourn"]
[EventRounds "7"]
[EventCountry "FRA"]
[SourceTitle "CBM 214 Extra"]
[Source "ChessBase"]
[SourceDate "2023.07.31"]
[SourceVersion "1"]
[SourceVersionDate "2023.07.31"]
[SourceQuality "1"]
[WhiteTeam "Chartres"]
[BlackTeam "Cappelle la Grande"]
[WhiteTeamCountry "FRA"]
[BlackTeamCountry "FRA"]

1. e4 e5 2. Nf3 Nc6 3. Bb5 a6 4. Ba4 Nf6 5. 0-0 b5 6. Bb3 Bc5 7. c3 d6 8. d4 Bb6 9. Be3 0-0 10. Nbd2 h6 11. h3 Re8 12. Re1 exd4 13. cxd4 Nb4 14. d5 Nd3 15. Re2 Nh5 16. Bxb6 cxb6 17. Qc2 Ndf4 18. Re3 Qf6 19. Ne1 Qg6 20. Kh1 f5 21. Qc6 Rb8 22. Bc2 Bb7 23. Qxb6 Bxd5 24. Qd4 Ba8 25. Kh2 Ne6 26. Bb3 f4 27. Re2 Kh8 28. Qxd6 f3 29. Ndxf3 Nhf4 30. Re3 Bxe4 31. Ne5 Qf5 32. g4 Qh7 33. Nf7+ Kg8 34. f3 Bg6 35. Bxe6 Nxe6 36. Nxh6+ gxh6 37. Rxe6 Bf7 38. Rxh6 Qg7 39. Qf6 Re2+ 40. Kg3 a5 41. b3 a4 42. bxa4 b4 43. a5 Qxf6 44. Rxf6 Bxa2 45. Rb6 Rxb6 46. axb6 Bd5 47. Rd1 Bc6 48. Rd6 b3 49. Nd3 Rc2 50. Rd8+ Kg7 51. b7 1-0

[Event "FRA-chT Top 16 GpA"]
[Site "Chartres"]
[Date "2023.06.06"]
[Round "6.31"]
[White "Savina, Anastasia"]
[Black "Maugenest, Ghislain"]
[Result "1-0"]
[WhiteElo "2342"]
[BlackElo "2201"]
[PlyCount "81"]
[EventDate "2023.06.01"]
[EventType "team-tourn"]
[EventRounds "7"]
[EventCountry "FRA"]
[SourceTitle "CBM 214 Extra"]
[Source "ChessBase"]
[SourceDate "2023.07.31"]
[SourceVersion "1"]
[SourceVersionDate "2023.07.31"]
[SourceQuality "1"]
[WhiteTeam "Vandoeuvre"]
[BlackTeam "Cappelle la Grande"]
[WhiteTeamCountry "FRA"]
[BlackTeamCountry "FRA"]

1. Nf3 d5 2. c4 d4 3. b4 g6 4. Bb2 Bg7 5. g3 c5 6. bxc5 e5 7. d3 Na6 8. Bg2 Nxc5 9. 0-0 Ne7 10. Nbd2 0-0 11. Rb1 Qc7 12. Ba3 Rb8 13. Ng5 Rd8 14. Nb3 Na6 15. e3 Bh6 16. h4 dxe3 17. fxe3 Bxg5 18. hxg5 Nf5 19. Bd5 Be6 20. Qf3 e4 21. dxe4 Qxg3+ 22. Qxg3 Nxg3 23. Rf2 Bxd5 24. exd5 b5 25. Na5 bxc4 26. Rd1 Rbc8 27. Rf6 Nb8 28. Nb7 Ne4 29. Rf4 Rd7 30. Rxe4 Rxb7 31. Rc1 c3 32. Rxc3 Rd8 33. Be7 Re8 34. Bf6 Rf8 35. d6 Nd7 36. Rc7 Rb1+ 37. Kg2 Nxf6 38. gxf6 Rd1 39. d7 h5 40. Re8 g5 41. Rxf8+ 1-0

[Event "Purtichju op"]
[Site "Purtichju"]
[Date "2022.07.03"]
[Round "3"]
[White "Maugenest, Ghislain"]
[Black "Trent, Lawrence"]
[Result "1-0"]
[WhiteElo "2203"]
[BlackElo "2404"]
[PlyCount "119"]
[EventDate "2022.07.02"]
[EventType "swiss"]
[EventRounds "9"]
[EventCountry "FRA"]
[SourceTitle "EXT 2023"]
[Source "ChessBase"]
[SourceDate "2022.10.05"]
[SourceVersion "1"]
[SourceVersionDate "2022.10.05"]
[SourceQuality "1"]

1. d4 Nf6 2. c4 g6 3. Nc3 Bg7 4. e4 d6 5. f3 0-0 6. Nge2 c5 7. d5 e6 8. Ng3 exd5 9. cxd5 h5 10. Be2 Nh7 11. Be3 Nd7 12. 0-0 Ne5 13. Qd2 h4 14. Nh1 f5 15. Nf2 f4 16. Bxf4 g5 17. Be3 h3 18. f4 gxf4 19. Bxf4 Ng6 20. Bg3 hxg2 21. Kxg2 Nh4+ 22. Kh1 Nf3 23. Bxf3 Rxf3 24. e5 dxe5 25. Nfe4 Bg4 26. Qg2 Rxf1+ 27. Rxf1 Qc8 28. Qg1 b6 29. h3 Bh5 30. Kh2 Kh8 31. Bh4 Qg8 32. Rf5 Bf7 33. d6 Qe8 34. Qd1 Be6 35. Rf2 Nf8 36. Rg2 Nd7 37. Qg1 Qf7 38. Bg5 Rf8 39. Rg3 Qh5 40. Qg2 Rf7 41. Be3 Bf5 42. Ng5 Rf8 43. Nd5 e4 44. Nf4 Qh6 45. Nfe6 Bxe6 46. Nf7+ Bxf7 47. Bxh6 Bxh6 48. Qxe4 Re8 49. Qf5 Re2+ 50. Rg2 Be6 51. Qg6 Bf4+ 52. Kg1 Rxg2+ 53. Kxg2 Bd5+ 54. Kf2 Ne5 55. Qe8+ Kg7 56. d7 Nf7 57. d8Q Nxd8 58. Qxd8 Bxa2 59. Qd7+ Kf6 60. Qa4 1-0

[Event "Angers op 15th"]
[Site "Angers"]
[Date "2022.05.29"]
[Round "5"]
[White "Denizet, Briac"]
[Black "Maugenest, Ghislain"]
[Result "0-1"]
[WhiteElo "1974"]
[BlackElo "2186"]
[PlyCount "76"]
[EventDate "2022.05.27"]
[EventType "swiss"]
[EventRounds "6"]
[EventCountry "FRA"]
[SourceTitle "CBM 208 Extra"]
[Source "ChessBase"]
[SourceDate "2022.07.31"]
[SourceVersion "1"]
[SourceVersionDate "2022.07.31"]
[SourceQuality "1"]

1. e4 e5 2. Nf3 Nc6 3. d4 exd4 4. Nxd4 Nf6 5. Nxc6 bxc6 6. e5 Qe7 7. Qe2 Nd5 8. c4 Nb6 9. Nc3 Qe6 10. b3 a5 11. Bb2 a4 12. Qe3 Bb4 13. Be2 a3 14. Bc1 Ra5 15. f4 d5 16. Bd2 dxc4 17. bxc4 Nxc4 18. Bxc4 Qxc4 19. Ne4 Ra4 20. Nc3 Ra8 21. Ne4 Bf5 22. Bxb4 Qxb4+ 23. Nc3 Rd8 24. Rd1 Rxd1+ 25. Kxd1 0-0 26. Qd2 Qb8 27. Ke1 Rd8 28. Qc1 Qb2 29. Qxb2 axb2 30. Ke2 h5 31. h3 h4 32. Nb1 Kf8 33. Ke3 Ke7 34. Re1 Rd5 35. Re2 Bxb1 36. Rxb2 Bf5 37. Rb8 Rd3+ 38. Ke2 Ra3 0-1

[Event "Angers op 15th"]
[Site "Angers"]
[Date "2022.05.27"]
[Round "1"]
[White "Gresser, Baptiste"]
[Black "Maugenest, Ghislain"]
[Result "1-0"]
[WhiteElo "1847"]
[BlackElo "2186"]
[PlyCount "113"]
[EventDate "2022.05.27"]
[EventType "swiss"]
[EventRounds "6"]
[EventCountry "FRA"]
[SourceTitle "CBM 208 Extra"]
[Source "ChessBase"]
[SourceDate "2022.07.31"]
[SourceVersion "1"]
[SourceVersionDate "2022.07.31"]
[SourceQuality "1"]

1. e4 e5 2. Nf3 Nc6 3. Bc4 Bc5 4. b4 Bxb4 5. c3 Ba5 6. d4 exd4 7. 0-0 Nge7 8. Ng5 Ne5 9. Nxf7 Nxf7 10. Bxf7+ Kxf7 11. Qh5+ g6 12. Qxa5 d5 13. cxd4 dxe4 14. Bg5 h6 15. Bh4 g5 16. Bg3 Nc6 17. Qxc7+ Qxc7 18. Bxc7 Nxd4 19. Nc3 Bf5 20. Rad1 Ne6 21. Rd7+ Ke8 22. Rfd1 Rh7 23. Rxh7 Bxh7 24. Be5 Rd8 25. Re1 Kf7 26. g3 Nc5 27. Bc7 Rc8 28. Nb5 Ke6 29. Rc1 Nd3 30. Rc4 Rf8 31. Rd4 Nxf2 32. Rd6+ Ke7 33. Rxh6 Rf7 34. Nd6 Ng4 35. Nxf7 Nxh6 36. Nxh6 Kd7 37. Bb8 a5 38. Nf7 g4 39. Ne5+ Ke6 40. Nc4 a4 41. Nb6 a3 42. Nc4 Bg8 43. Nxa3 Kf6 44. Kf2 Bxa2 45. Ke3 Kf5 46. Nb5 Bd5 47. Nd6+ Ke6 48. Nxe4 b5 49. Kd4 Bc6 50. Nf2 Kf5 51. Nd1 Bf3 52. Ne3+ Ke6 53. Kc5 Be2 54. Nc2 Bf1 55. Nd4+ Kf6 56. Nxb5 Kf5 57. Nc3 1-0

[Event "Cappelle Online Blitz op"]
[Site "Europe Echecs INT"]
[Date "2022.01.09"]
[Round "11"]
[White "Kajganic, Fabien"]
[Black "Maugenest, Ghislain"]
[Result "1/2-1/2"]
[WhiteElo "1899"]
[BlackElo "2243"]
[PlyCount "132"]
[EventDate "2022.01.09"]
[EventType "swiss (blitz)"]
[EventRounds "11"]
[EventCountry "FRA"]
[SourceTitle "EXT 2023"]
[Source "ChessBase"]
[SourceDate "2022.10.05"]
[SourceVersion "1"]
[SourceVersionDate "2022.10.05"]
[SourceQuality "1"]

1. e4 e5 2. Nf3 Nc6 3. d4 exd4 4. Nxd4 Nf6 5. Nxc6 bxc6 6. e5 Qe7 7. Qe2 Nd5 8. c4 Nb6 9. b3 Qe6 10. Bb2 Bb4+ 11. Nd2 0-0 12. a3 Bxd2+ 13. Qxd2 d6 14. f4 dxe5 15. fxe5 c5 16. Be2 Bb7 17. 0-0 Qg6 18. Bf3 Rad8 19. Qe2 Bxf3 20. Rxf3 Rd7 21. Rg3 Qe6 22. Qf2 Rfd8 23. Bc3 Rd1+ 24. Rxd1 Rxd1+ 25. Be1 Qd7 26. Re3 a5 27. h3 a4 28. Kh2 axb3 29. Rxb3 Qe7 30. Bc3 Rd3 31. Qe2 Rd8 32. a4 Qe6 33. a5 Nxc4 34. Rb7 Rc8 35. Qf2 Qd5 36. Qf3 Qxf3 37. gxf3 Ra8 38. Rxc7 Kf8 39. Rxc5 Ne3 40. f4 Nf5 41. Rb5 Ke7 42. Rb7+ Ke6 43. Rb6+ Kd5 44. a6 h6 45. Rb7 Rxa6 46. Rxf7 g6 47. Rf6 Rxf6 48. exf6 Ke6 49. Kg2 Nd6 50. Kf3 Ne8 51. Kg3 Nxf6 52. Bxf6 Kxf6 53. Kg4 h5+ 54. Kf3 Ke6 55. Ke4 Kf6 56. Ke3 Kf5 57. Kf3 Ke6 58. Ke4 Kf6 59. Ke3 Kf5 60. Kf3 h4 61. Ke3 g5 62. fxg5 Kxg5 63. Kf3 Kf5 64. Ke3 Kg5 65. Kf3 Kf5 66. Ke3 Kg5 1/2-1/2

[Event "Cappelle Online Blitz op"]
[Site "Europe Echecs INT"]
[Date "2022.01.09"]
[Round "6"]
[White "Maugenest, Ghislain"]
[Black "Daverio, Edoardo"]
[Result "1-0"]
[WhiteElo "2243"]
[BlackElo "1984"]
[PlyCount "83"]
[EventDate "2022.01.09"]
[EventType "swiss (blitz)"]
[EventRounds "11"]
[EventCountry "FRA"]
[SourceTitle "EXT 2023"]
[Source "ChessBase"]
[SourceDate "2022.10.05"]
[SourceVersion "1"]
[SourceVersionDate "2022.10.05"]
[SourceQuality "1"]

1. d4 Nf6 2. c4 e6 3. Nc3 Bb4 4. e3 0-0 5. Bd3 d5 6. Nf3 c5 7. 0-0 Nc6 8. a3 Bxc3 9. bxc3 b6 10. a4 Na5 11. cxd5 exd5 12. Ba3 Qc7 13. Ne5 Re8 14. f4 Bb7 15. Rc1 Rad8 16. Rc2 Ne4 17. Re1 Qc8 18. Qh5 Re7 19. f5 f6 20. Nf3 Ba6 21. Bxa6 Qxa6 22. Nd2 Qd3 23. Qd1 Nxc3 24. Qc1 Ne2+ 25. Rxe2 Qxe2 26. Nf1 Qd3 27. Rc3 Qe4 28. dxc5 bxc5 29. Bxc5 Red7 30. Ng3 Qe8 31. Bd4 Nc4 32. Ne2 Re7 33. Nf4 Nd6 34. Nxd5 Re4 35. Nc7 Qf7 36. Ne6 Rxe6 37. fxe6 Qxe6 38. Rc7 a5 39. Ra7 Qd5 40. Qc7 Nf5 41. g4 Qf3 42. Qxd8# 1-0

[Event "Cappelle Online Blitz op"]
[Site "Europe Echecs INT"]
[Date "2022.01.09"]
[Round "5"]
[White "Sonis, Francesco"]
[Black "Maugenest, Ghislain"]
[Result "1-0"]
[WhiteElo "2542"]
[BlackElo "2243"]
[PlyCount "79"]
[EventDate "2022.01.09"]
[EventType "swiss (blitz)"]
[EventRounds "11"]
[EventCountry "FRA"]
[SourceTitle "EXT 2023"]
[Source "ChessBase"]
[SourceDate "2022.10.05"]
[SourceVersion "1"]
[SourceVersionDate "2022.10.05"]
[SourceQuality "1"]

1. e4 e5 2. Nf3 Nc6 3. Bb5 a6 4. Ba4 Nf6 5. 0-0 Be7 6. d3 b5 7. Bb3 0-0 8. a4 Bb7 9. Re1 Na5 10. Ba2 d6 11. Nbd2 c5 12. Nf1 h6 13. Ng3 Re8 14. Nh4 Nc6 15. c3 d5 16. exd5 Nxd5 17. Nhf5 Bf8 18. Qg4 Kh8 19. Nh5 Re6 20. Nhg3 Rg6 21. Qh4 Qd7 22. Bd2 Re8 23. Rad1 Kg8 24. Bc1 Nde7 25. Qh5 Nxf5 26. Qxg6 Nh4 27. Qh5 Nxg2 28. Kxg2 Nb4+ 29. f3 Nxa2 30. Be3 g6 31. Qh4 Kh7 32. Ne4 Bg7 33. Bxh6 Rh8 34. Bxg7+ Kxg7 35. Qf6+ Kg8 36. Kg1 Qh3 37. Rd2 b4 38. Qxe5 Qxf3 39. Rf2 Qg4+ 40. Ng3 1-0

[Event "Avoine op 35th"]
[Site "Avoine"]
[Date "2021.07.17"]
[Round "1.2"]
[White "Maugenest, Ghislain"]
[Black "Ollier, Pablo"]
[Result "0-1"]
[WhiteElo "2052"]
[BlackElo "2372"]
[PlyCount "92"]
[EventDate "2021.07.18"]
[EventType "swiss"]
[EventRounds "9"]
[EventCountry "FRA"]
[SourceTitle "EXT 2023"]
[Source "ChessBase"]
[SourceDate "2022.10.05"]
[SourceVersion "1"]
[SourceVersionDate "2022.10.05"]
[SourceQuality "1"]

1. d4 Nf6 2. c4 e6 3. Nc3 Bb4 4. e3 0-0 5. Bd3 d5 6. Nf3 c5 7. 0-0 Nc6 8. a3 Ba5 9. cxd5 exd5 10. dxc5 Bxc3 11. bxc3 Bg4 12. c4 Ne5 13. Bb2 Nxf3+ 14. gxf3 Bh3 15. Kh1 dxc4 16. Bxc4 Bxf1 17. Qxf1 Rc8 18. Bd4 Qe7 19. Rc1 Rfd8 20. Qh3 Qd7 21. Qg3 Nh5 22. Qg5 Qh3 23. Bf1 Qxf3+ 24. Bg2 Qe2 25. Bxb7 h6 26. Qf5 g6 27. Rg1 Ng3+ 28. Rxg3 Qf1+ 29. Rg1 Qxg1+ 30. Kxg1 gxf5 31. Bxc8 Rxc8 32. Kg2 Kf8 33. Be5 Ke7 34. Bd6+ Ke6 35. Kf3 Rc6 36. Bf8 h5 37. Kf4 f6 38. e4 fxe4 39. Kxe4 Ra6 40. Kd4 Ra4+ 41. Kc3 Rxa3+ 42. Kb4 Ra2 43. Kb5 Kd5 44. h4 Rxf2 45. Ka6 Kc6 46. Kxa7 f5 0-1

[Event "Tetraktys Concept Mgmt"]
[Site "Europe Echecs INT"]
[Date "2021.06.06"]
[Round "7"]
[White "Maugenest, Ghislain"]
[Black "Azarov, Sergei Nikolaevich"]
[Result "1-0"]
[WhiteElo "2052"]
[BlackElo "2603"]
[PlyCount "45"]
[EventDate "2021.06.06"]
[EventType "swiss (blitz)"]
[EventRounds "11"]
[EventCountry "FRA"]
[SourceTitle "CBM 202 Extra"]
[Source "ChessBase"]
[SourceDate "2021.07.31"]
[SourceVersion "1"]
[SourceVersionDate "2021.07.31"]
[SourceQuality "1"]

1. d4 f5 2. c4 Nf6 3. g3 e6 4. Bg2 Be7 5. Nc3 0-0 6. Nf3 d6 7. 0-0 Ne4 8. Nd2 Nxc3 9. bxc3 Nc6 10. a4 e5 11. e3 Na5 12. f4 e4 13. Rf2 c5 14. Bf1 Be6 15. d5 Bf7 16. g4 g6 17. Rg2 Kh8 18. g5 h5 19. Nb3 Be8 20. Rb2 Rb8 21. Bd2 Rf7 22. Qb1 Bf8 23. Ra3 1-0

[Event "Tetraktys Concept Mgmt"]
[Site "Europe Echecs INT"]
[Date "2021.06.06"]
[Round "8"]
[White "Maugenest, Ghislain"]
[Black "Kamsky, Gata"]
[Result "0-1"]
[WhiteElo "2052"]
[BlackElo "2658"]
[PlyCount "48"]
[EventDate "2021.06.06"]
[EventType "swiss (blitz)"]
[EventRounds "11"]
[EventCountry "FRA"]
[SourceTitle "CBM 202 Extra"]
[Source "ChessBase"]
[SourceDate "2021.07.31"]
[SourceVersion "1"]
[SourceVersionDate "2021.07.31"]
[SourceQuality "1"]

1. d4 Nf6 2. c4 e6 3. Nc3 Bb4 4. e3 0-0 5. Nge2 d5 6. a3 Bd6 7. Ng3 c6 8. Qc2 e5 9. dxe5 Bxe5 10. cxd5 cxd5 11. Bd3 Nc6 12. 0-0 h5 13. f4 Bc7 14. b4 Re8 15. Bd2 Bb6 16. Rae1 h4 17. Nf5 Bxf5 18. Bxf5 d4 19. Ne4 dxe3 20. Bxe3 Bxe3+ 21. Rxe3 Nd4 22. Qc5 Nxf5 23. Qxf5 Qd4 24. Rfe1 Rxe4 0-1

[Event "Tetraktys Concept Mgmt"]
[Site "Europe Echecs INT"]
[Date "2021.06.06"]
[Round "11"]
[White "Maugenest, Ghislain"]
[Black "Rakotomaharo, Fy Antenaina"]
[Result "0-1"]
[WhiteElo "2052"]
[BlackElo "2435"]
[PlyCount "66"]
[EventDate "2021.06.06"]
[EventType "swiss (blitz)"]
[EventRounds "11"]
[EventCountry "FRA"]
[SourceTitle "CBM 202 Extra"]
[Source "ChessBase"]
[SourceDate "2021.07.31"]
[SourceVersion "1"]
[SourceVersionDate "2021.07.31"]
[SourceQuality "1"]

1. d4 Nf6 2. c4 g6 3. Nc3 d5 4. cxd5 Nxd5 5. e4 Nxc3 6. bxc3 Bg7 7. Nf3 c5 8. Be3 Qa5 9. Qd2 Bg4 10. Rb1 Nd7 11. Be2 0-0 12. 0-0 cxd4 13. cxd4 Qxd2 14. Bxd2 Nb6 15. Be3 Rfd8 16. d5 e6 17. Bxb6 axb6 18. Rxb6 exd5 19. exd5 Rxa2 20. Bc4 Rc2 21. Bb3 Rb2 22. Rxb7 Bxf3 23. gxf3 Bd4 24. d6 Kh8 25. d7 Kg7 26. Kg2 Kf6 27. Kg3 h5 28. Kf4 Bxf2 29. Rd1 Re2 30. h4 Bxh4 31. Rb6+ Ke7 32. Ba4 f6 33. Bb5 Re5 0-1

[Event "C'Chartres Blitz op April"]
[Site "Europe Echecs INT"]
[Date "2021.04.10"]
[Round "9"]
[White "Pizzo, Cyril"]
[Black "Maugenest, Ghislain"]
[Result "0-1"]
[WhiteElo "1798"]
[BlackElo "2052"]
[PlyCount "66"]
[EventDate "2021.04.10"]
[EventType "swiss (blitz)"]
[EventRounds "11"]
[EventCountry "FRA"]
[SourceTitle "CBM 201 Extra"]
[Source "ChessBase"]
[SourceDate "2021.05.31"]
[SourceVersion "1"]
[SourceVersionDate "2021.05.31"]
[SourceQuality "1"]

1. e4 e5 2. Nf3 Nc6 3. Bb5 a6 4. Ba4 Nf6 5. 0-0 Be7 6. Re1 b5 7. Bb3 0-0 8. d3 d6 9. a3 Bb7 10. Nbd2 Nb8 11. Nf1 c5 12. Ng3 Nbd7 13. Nf5 d5 14. exd5 Nxd5 15. Nxe5 Nxe5 16. Rxe5 Bf6 17. Re1 Qd7 18. Ng3 Rfe8 19. Ne4 Be7 20. a4 Rac8 21. c4 Nb4 22. Bc2 f5 23. Ng3 Bf6 24. axb5 Rxe1+ 25. Qxe1 Nxc2 26. Qd2 Nxa1 27. b4 axb5 28. bxc5 Qc6 29. f3 Nb3 30. Qc2 Bd4+ 31. Kh1 Nxc1 32. Qxc1 Qxf3 33. gxf3 Bxf3# 0-1

[Event "Cappelle Online Blitz op"]
[Site "Europe Echecs INT"]
[Date "2021.03.07"]
[Round "3"]
[White "Maugenest, Ghislain"]
[Black "Le Marec, Laura"]
[Result "1-0"]
[WhiteElo "2052"]
[BlackElo "1714"]
[PlyCount "77"]
[EventDate "2021.03.07"]
[EventType "swiss (blitz)"]
[EventRounds "11"]
[EventCountry "FRA"]
[SourceTitle "CBM 201 Extra"]
[Source "ChessBase"]
[SourceDate "2021.05.31"]
[SourceVersion "1"]
[SourceVersionDate "2021.05.31"]
[SourceQuality "1"]

1. d4 Nf6 2. c4 g6 3. Nc3 Bg7 4. e4 d6 5. f3 0-0 6. Nge2 e5 7. d5 c6 8. Be3 cxd5 9. cxd5 Ne8 10. Qd2 a6 11. 0-0-0 b5 12. Kb1 Nd7 13. Rc1 Nb6 14. Ng3 Nc4 15. Bxc4 bxc4 16. Bh6 a5 17. h4 a4 18. a3 Qf6 19. Bg5 Bh6 20. Bxh6 Qe7 21. h5 Nf6 22. Bxf8 Qxf8 23. Qg5 Qg7 24. h6 Qh8 25. Rhe1 Rb8 26. Nxa4 Ba6 27. Nf5 Nd7 28. Ne7+ Kf8 29. Nc6 Rc8 30. Qe7+ Kg8 31. Qxd7 Qf6 32. Ne7+ Kf8 33. Nxc8 g5 34. Nab6 Qxh6 35. Nxd6 Kg7 36. Qxf7+ Kh8 37. Qe8+ Kg7 38. Nf5+ Kf6 39. Qe6# 1-0

[Event "Cappelle Online Rapid op"]
[Site "Europe Echecs INT"]
[Date "2021.03.06"]
[Round "5"]
[White "Dias Huizar, Alvaro"]
[Black "Maugenest, Ghislain"]
[Result "0-1"]
[WhiteElo "2409"]
[BlackElo "2052"]
[PlyCount "150"]
[EventDate "2021.03.06"]
[EventType "swiss (rapid)"]
[EventRounds "9"]
[EventCountry "FRA"]
[SourceTitle "CBM 201 Extra"]
[Source "ChessBase"]
[SourceDate "2021.05.31"]
[SourceVersion "1"]
[SourceVersionDate "2021.05.31"]
[SourceQuality "1"]

1. d4 d5 2. Nc3 Nf6 3. Bg5 c5 4. Bxf6 gxf6 5. e4 Nc6 6. exd5 Nxd4 7. Nf3 e5 8. dxe6 Bxe6 9. Nxd4 cxd4 10. Bb5+ Ke7 11. 0-0 dxc3 12. Qf3 Qb6 13. Ba4 Bh6 14. bxc3 Qc7 15. Rab1 b6 16. Rfe1 Rac8 17. Rbd1 Rhd8 18. Bb3 Qxc3 19. Qe2 Rxd1 20. Rxd1 Rd8 21. Re1 Rd2 22. Qe4 Rd4 23. Qe2 Qd2 24. Qf1 Rd6 25. g3 Kf8 26. Re2 Qd1 27. Re1 Qf3 28. Bxe6 fxe6 29. Qc4 Qc6 30. Qh4 Bg7 31. Qxh7 Qf3 32. Qh3 Kf7 33. Qh7 Rd1 34. Rxd1 Qxd1+ 35. Kg2 Qd5+ 36. Kg1 Qxa2 37. Qh5+ Kf8 38. Qe2 Qd5 39. Qa6 Qd7 40. Qa3+ Kf7 41. h4 f5 42. Qf3 Qd5 43. Qh5+ Kf8 44. Qg6 a5 45. h5 Qd1+ 46. Kg2 Qxc2 47. h6 Bxh6 48. Qxh6+ Ke7 49. Qg7+ Kd6 50. Qf8+ Kd5 51. Qd8+ Ke5 52. Qxb6 Qe4+ 53. Kg1 a4 54. Qa5+ Kf6 55. Qd8+ Kf7 56. Qd7+ Kf6 57. Qd8+ Ke5 58. Qc7+ Kd5 59. Qb7+ Kc4 60. Qa6+ Kb3 61. Qb6+ Ka2 62. Kh2 a3 63. Kg1 Qb1+ 64. Qxb1+ Kxb1 65. g4 fxg4 66. Kg2 a2 67. Kg3 a1Q 68. Kxg4 Qf6 69. f4 Kc2 70. Kf3 Kd3 71. Kg4 Qf5+ 72. Kg3 Ke2 73. Kg2 Qg4+ 74. Kh1 Kf2 75. f5 Qh3# 0-1

[Event "Cappelle Online Rapid op"]
[Site "Europe Echecs INT"]
[Date "2021.03.06"]
[Round "8"]
[White "Gabrielian, Artur"]
[Black "Maugenest, Ghislain"]
[Result "1-0"]
[WhiteElo "2448"]
[BlackElo "2052"]
[PlyCount "107"]
[EventDate "2021.03.06"]
[EventType "swiss (rapid)"]
[EventRounds "9"]
[EventCountry "FRA"]
[SourceTitle "CBM 201 Extra"]
[Source "ChessBase"]
[SourceDate "2021.05.31"]
[SourceVersion "1"]
[SourceVersionDate "2021.05.31"]
[SourceQuality "1"]

1. e4 e5 2. Nc3 Nf6 3. g3 Nc6 4. Bg2 Bc5 5. Nge2 d6 6. Na4 0-0 7. Nxc5 dxc5 8. 0-0 Bg4 9. h3 Bh5 10. g4 Bg6 11. Ng3 Nd7 12. d3 Re8 13. Be3 b6 14. Qd2 Nf8 15. c3 Ne6 16. Nf5 Qd7 17. Rad1 Rad8 18. a3 a5 19. Kh1 a4 20. f4 exf4 21. Bxf4 Nxf4 22. Qxf4 Bxf5 23. exf5 Qd6 24. Qxa4 Nb8 25. d4 cxd4 26. Rxd4 Qg3 27. Rxd8 Rxd8 28. Qf4 Qxf4 29. Rxf4 Na6 30. b4 c5 31. f6 g6 32. Re4 Kf8 33. Re7 Nb8 34. Rb7 Nd7 35. g5 h6 36. h4 hxg5 37. hxg5 cxb4 38. cxb4 Ne5 39. Rxb6 Ng4 40. Bf3 Ne5 41. Be2 Rc8 42. Kg1 Ke8 43. Kf2 Kd7 44. a4 Kc7 45. a5 Rd8 46. b5 Rd4 47. Ra6 Kb7 48. Ke3 Rb4 49. Rd6 Kc7 50. Rd5 Nd7 51. Rd2 Ne5 52. b6+ Kb7 53. Rc2 Kb8 54. Ba6 1-0

[Event "Cappelle Online Rapid op"]
[Site "Europe Echecs INT"]
[Date "2021.03.06"]
[Round "1"]
[White "Gougeon, Patrick"]
[Black "Maugenest, Ghislain"]
[Result "0-1"]
[WhiteElo "1402"]
[BlackElo "2052"]
[PlyCount "30"]
[EventDate "2021.03.06"]
[EventType "swiss (rapid)"]
[EventRounds "9"]
[EventCountry "FRA"]
[SourceTitle "CBM 201 Extra"]
[Source "ChessBase"]
[SourceDate "2021.05.31"]
[SourceVersion "1"]
[SourceVersionDate "2021.05.31"]
[SourceQuality "1"]

1. f4 d5 2. Nf3 Bg4 3. e3 Nd7 4. g3 e5 5. Be2 Bxf3 6. Bxf3 Ngf6 7. c4 e4 8. Be2 Be7 9. cxd5 Nxd5 10. Nc3 Nc5 11. d4 exd3 12. Bxd3 Nxc3 13. bxc3 Nxd3+ 14. Ke2 Nc5 15. Bb2 0-0 0-1

[Event "Cappelle Online Rapid op"]
[Site "Europe Echecs INT"]
[Date "2021.03.06"]
[Round "7"]
[White "Maugenest, Ghislain"]
[Black "Razafindratsima, Timothe"]
[Result "1-0"]
[WhiteElo "2052"]
[BlackElo "2341"]
[PlyCount "185"]
[EventDate "2021.03.06"]
[EventType "swiss (rapid)"]
[EventRounds "9"]
[EventCountry "FRA"]
[SourceTitle "CBM 201 Extra"]
[Source "ChessBase"]
[SourceDate "2021.05.31"]
[SourceVersion "1"]
[SourceVersionDate "2021.05.31"]
[SourceQuality "1"]

1. d4 Nf6 2. c4 g6 3. Nc3 d5 4. cxd5 Nxd5 5. e4 Nxc3 6. bxc3 Bg7 7. Nf3 c5 8. Be3 Nc6 9. Qd2 Bg4 10. d5 Bxf3 11. gxf3 Ne5 12. Be2 Qa5 13. Rc1 0-0 14. f4 Nd7 15. 0-0 b5 16. e5 Rad8 17. c4 Qxd2 18. Bxd2 Nb6 19. Ba5 bxc4 20. Bxc4 g5 21. fxg5 Bxe5 22. Bxb6 axb6 23. f4 Bd4+ 24. Kg2 b5 25. Bxb5 Rxd5 26. a4 Rb8 27. Rfe1 e5 28. fxe5 Bxe5 29. Rcd1 Bd4 30. h4 h6 31. Bc4 Rf5 32. Rf1 Rb2+ 33. Kh3 Bf2 34. Rb1 Rxb1 35. Rxb1 Rf4 36. Rb8+ Kg7 37. gxh6+ Kxh6 38. Rb6+ Kg7 39. Bb5 Bxh4 40. Rc6 Bf2 41. Kg2 Bd4 42. a5 Rf2+ 43. Kg3 Rb2 44. Bc4 Rb4 45. Bd5 Ra4 46. a6 Kf8 47. Kf3 Ke7 48. Ke2 f5 49. Kf3 Kd8 50. Kf4 Kd7 51. Kxf5 Be3 52. Rg6 Rf4+ 53. Ke5 Rf8 54. Rg7+ Kc8 55. Kd6 Bf4+ 56. Kxc5 Be3+ 57. Kb5 Rf1 58. Be6+ Kd8 59. Rd7+ Ke8 60. Rd3 Bg1 61. Bd7+ Ke7 62. Kc6 Rc1+ 63. Kb7 Rb1+ 64. Ka8 Rb6 65. Bc8 Rh6 66. Rd7+ Ke8 67. Rg7 Bd4 68. Rg4 Bc5 69. Bb7 Kd7 70. Rg7+ Kd6 71. Rg8 Rh7 72. Rc8 Bg1 73. Rc6+ Ke5 74. Bc8 Ra7+ 75. Kb8 Kd5 76. Bb7 Ke5 77. Rc8 Kd6 78. Rd8+ Ke7 79. Rd5 Ke6 80. Rd1 Bc5 81. Kc7 Kf6 82. Re1 Bd4 83. Re4 Bc5 84. Kc6 Bg1 85. Kd5 Kf5 86. Re1 Bb6 87. Rf1+ Kg5 88. Ke4 Kg6 89. Ke5 Kg5 90. Rf7 Kg6 91. Rf6+ Kg5 92. Rxb6 Kg4 93. Kd6 1-0